Bakit baliktad mag basa ng libro and mga Pilipino? (Record no. 8153)
[ view plain ]
| 000 -LEADER | |
|---|---|
| fixed length control field | 00506nam a22001817a 4500 |
| 003 - CONTROL NUMBER IDENTIFIER | |
| control field | OSt |
| 005 - DATE AND TIME OF LATEST TRANSACTION | |
| control field | 20260303000726.0 |
| 008 - FIXED-LENGTH DATA ELEMENTS--GENERAL INFORMATION | |
| fixed length control field | 260203b |||||||| |||| 00| 0 eng d |
| 020 ## - INTERNATIONAL STANDARD BOOK NUMBER | |
| International Standard Book Number | 9719257407 |
| 040 ## - CATALOGING SOURCE | |
| Original cataloging agency | DWCL-Main Lib |
| Transcribing agency | OC |
| 082 ## - DEWEY DECIMAL CLASSIFICATION NUMBER | |
| Classification number | Prof. 899.211 On58 2002 |
| 100 ## - MAIN ENTRY--PERSONAL NAME | |
| Personal name | Ong, Bob |
| 245 ## - TITLE STATEMENT | |
| Title | Bakit baliktad mag basa ng libro and mga Pilipino? |
| 260 ## - PUBLICATION, DISTRIBUTION, ETC. | |
| Place of publication, distribution, etc. | Pasay City : |
| Name of publisher, distributor, etc. | Visprint, |
| Date of publication, distribution, etc. | c2002. |
| 300 ## - PHYSICAL DESCRIPTION | |
| Extent | 201 pages ; |
| Dimensions | 18 cm. |
| 650 ## - SUBJECT ADDED ENTRY--TOPICAL TERM | |
| Topical term or geographic name entry element | Filipino - literature. |
| 942 ## - ADDED ENTRY ELEMENTS (KOHA) | |
| Source of classification or shelving scheme | Dewey Decimal Classification |
| Koha item type | Professional Collections |
| Call number suffix | Prof. |
| Suppress in OPAC | No |
| 952 ## - LOCATION AND ITEM INFORMATION (KOHA) | |
| -- | |
| 952 ## - LOCATION AND ITEM INFORMATION (KOHA) | |
| -- | |
| 952 ## - LOCATION AND ITEM INFORMATION (KOHA) | |
| -- | |
| Withdrawn status | Lost status | Source of classification or shelving scheme | Damaged status | Not for loan | Home library | Current library | Shelving location | Date acquired | Source of acquisition | Cost, normal purchase price | Total Checkouts | Full call number | Barcode | Date last seen | Copy number | Price effective from | Koha item type | Uniform Resource Identifier |
|---|---|---|---|---|---|---|---|---|---|---|---|---|---|---|---|---|---|---|
| Dewey Decimal Classification | Junior High School Library | Junior High School Library | Professional | 09/04/2010 | Library Fund | 495.00 | Prof. 899.211 On58 2002 | JHS - 15801 | 02/03/2026 | c3 | 02/03/2026 | PROF. | ||||||
| Dewey Decimal Classification | Junior High School Library | Junior High School Library | Professional | 09/04/2010 | Library Fund | 495.00 | Prof. 899.211 On58 2002 | JHS - 15800 | 02/03/2026 | c2 | 02/03/2026 | PROF. | ||||||
| Dewey Decimal Classification | Junior High School Library | Junior High School Library | Professional | 09/04/2010 | Library Fund | Prof. 899.211 On58 2002 | JHS - 15464 | 02/03/2026 | c1 | 02/03/2026 | PROF. |